| 000 | 00478nam a22001577a 4500 | ||
|---|---|---|---|
| 082 |
_aT--162 _bT-162 |
||
| 100 |
_aIrfan Zafar _947524 |
||
| 245 |
_aEvaluation of risk factors causing cost & time overrun in road projects of Fata, Pakistan (CEM) _cIrfan Zafar |
||
| 260 | _c2014 | ||
| 300 | _a129 P, : | ||
| 526 |
_a0 _b0 _c0 _dT_162 |
||
| 650 |
_aMSC Theses _947525 |
||
| 700 |
_aDr Sarfraz Ahmed _929043 |
||
| 856 | _uhttp://172.25.8.12:8080/browse/book/629 | ||
| 942 |
_2ddc _cBK |
||
| 999 |
_c550748 _d550748 |
||